000 00666nam a2200193 i 4500
001 73478
003 ES-MaACL
005 20231229063019.0
007 t|
008 040907s1971 sp b 10110 spa d
100 1 _aGómez Mesa, Luis,
_d1902-1986
_958047
245 1 0 _aLibros y publicaciones de cine:
_b[exposición del Festival] /
_cLuis Gómez Mesa.
260 _aSan Sebastián :
_bXIX Festival Internacional de Cine,
_c1971.
300 _a17 p. ;
_c21 cm.
650 4 _aCine-
_vBibliografías.
_9171048
711 2 _aFestival Internacional de Cine (
_n19º.
_d1971.
_cSan Sebastián)
_9748
852 _aES-MaACL
_j2080-F-11
999 _c73478
_d73478